দ্বিতীয় বিশ্বযুদ্ধোত্তর বাংলা উপন্যাস : (Record no. 71255)
[ view plain ]
| 000 -LEADER | |
|---|---|
| fixed length control field | 01066nam a22002417a 4500 |
| 001 - CONTROL NUMBER | |
| control field | 71255 |
| 003 - CONTROL NUMBER IDENTIFIER | |
| rucl marc code | BD-RjUL |
| 005 - DATE AND TIME OF LATEST TRANSACTION | |
| control field | 20211209082108.0 |
| 008 - FIXED-LENGTH DATA ELEMENTS--GENERAL INFORMATION | |
| fixed length control field | 170430s1989 bg ||||| b||| 001 0 ben d |
| 020 ## - INTERNATIONAL STANDARD BOOK NUMBER | |
| Terms of availability | TK. : 150.00 |
| 035 ## - SYSTEM CONTROL NUMBER | |
| System control number | (BD-RjUL)71470 |
| 040 ## - CATALOGING SOURCE | |
| Original cataloging agency | BD-RjUL |
| Language of cataloging | ben |
| Transcribing agency | BD-RjUL |
| 041 ## - LANGUAGE CODE | |
| Language code of text/sound track or separate title | ben |
| 082 ## - DEWEY DECIMAL CLASSIFICATION NUMBER | |
| Edition number | 22 |
| Classification number | 891.44309 |
| Author mark and year | HAD 1989 |
| 100 1# - MAIN ENTRY--PERSONAL NAME | |
| Personal name | হক, মুহম্মদ রেজাউল |
| 9 (RLIN) | 126364 |
| 245 10 - TITLE STATEMENT | |
| Title | দ্বিতীয় বিশ্বযুদ্ধোত্তর বাংলা উপন্যাস : |
| Remainder of title | ১৯৪৫-১৯৬০ / |
| Statement of responsibility, etc. | মুহম্মদ রেজাউল হক. |
| 260 ## - PUBLICATION, DISTRIBUTION, ETC. (IMPRINT) | |
| Place of publication, distribution, etc. | ঢাকা : |
| Name of publisher, distributor, etc. | বাংলা একাডেমী, |
| Date of publication, distribution, etc. | ১৯৮৯. |
| 300 ## - PHYSICAL DESCRIPTION | |
| Pagination | [৭], ৩৯৪ পৃ. ; |
| Size | ২২ সেমি. |
| 504 ## - BIBLIOGRAPHY, ETC. NOTE | |
| Bibliography, etc | সংযুক্ত গ্রন্থপুঞ্জি ও নির্ঘণ্ট |
| 650 ## - SUBJECT ADDED ENTRY--TOPICAL TERM | |
| Topical term or geographic name as entry element | বাংলা উপন্যাস |
| General subdivision | ইতিহাস ও সমালোচনা |
| 9 (RLIN) | 210818 |
| Topical term or geographic name as entry element | Bengali Fiction |
| General subdivision | History & criticism |
| 9 (RLIN) | 126365 |
| 942 ## - ADDED ENTRY ELEMENTS (KOHA) | |
| Source of classification or shelving scheme | Dewey Decimal Classification |
| Koha item type | Books |
| Lost status | Source of classification or shelving scheme | Damaged status | Not for loan | Collection code | Permanent Location | Current Location | Shelving location | Date acquired | Source of acquisition | Cost, normal purchase price | Total Checkouts | Full call number | Date last seen | Copy number | Koha item type |
|---|---|---|---|---|---|---|---|---|---|---|---|---|---|---|---|
| Dewey Decimal Classification | Not For Loan | Non-fiction | Central Library, University of Rajshahi | Central Library, University of Rajshahi | Reading Room | 25/06/1990 | Bangla Academy, Dhaka | 150.00 | B 891.44309 HAD 1989 | 30/04/2017 | C-1 | Books |